01018nam a22002897a 45000010005000000030006000050050017000110080041000280200015000690400029000840500013001130820008001261000023001342450050001572600038002073000051002454900019002965050008003155200106003235210029004295210020004586500062004787000038005409420015005789990015005939520120006085530FISKH20241216154120.0241216b cb ||||| |||| 00| 0 eng d a0553052357 aFISKHbengcFISKHdFISKH aPZ5.F855 a649 aCerf, Christopher  aFree to be... a family /cby Christopher Cerf aToronto :bBantam Books ;c1971 . a176 pages : bcolor illustrations ;c29 cm .  aFree to be.... aU  aA collection of stories, poems, and songs about different types of families and family relationships.8 a820 bLexile estimate 8 aU bRaz-Plus  aFamily life- Literacy collectionsvChildren's literature  aThomas, Marlo eExecutive editor  2ddccBKn0 c5530d5530 00102ddc40708FICa001b001cSBSd2024-12-16l0oCER 649 PZ5.F855pFIS01215r2024-12-16 15:41:16w2024-12-16yBK